[Event "Guernsey Holiday"]
[Site "?"]
[Date "2008.10.19"]
[Round "1"]
[White "Spicer, J.."]
[Black "Timmerman, Peter"]
[Result "0-1"]
[WhiteElo "1288"]
[BlackElo "1598"]
[PlyCount "102"]
[EventDate "2008.10.19"]

1. e4 e5 2. Nf3 Nc6 3. Bc4 Bc5 4. c3 d6 5. d4 exd4 6. cxd4 Bb4+ 7. Nbd2 Bg4 8.
d5 Bxd2+ 9. Bxd2 Ne5 10. Be2 Nf6 11. Nxe5 Bxe2 12. Qxe2 dxe5 13. Qb5+ Qd7 14.
Qxb7 O-O 15. Qb4 Qg4 16. O-O Rab8 17. Qc4 Qxe4 18. Qxe4 Nxe4 19. Ba5 Rb5 20.
Bxc7 Rxd5 21. Rfe1 Rc8 22. Rac1 Rc5 23. Rxc5 Nxc5 24. Bxe5 Re8 25. Bc3 Rxe1+
26. Bxe1 f6 27. a3 Kf7 28. Kf1 Ke6 29. Ke2 Kd5 30. b4 Na4 31. Kd3 Nb2+ 32. Kc2
Nc4 33. Kb3 f5 34. a4 a6 35. Bc3 g5 36. a5 Nd6 37. Ka4 Nb5 38. Bg7 g4 39. Bh6
Ke4 40. Kb3 Kd3 41. Bf4 h5 42. h3 gxh3 43. gxh3 Nd4+ 44. Kb2 Kc4 45. Bd6 Ne6
46. Kc2 Ng5 47. Kd2 Ne4+ 48. Ke3 Nxd6 49. Kf4 Kxb4 50. Kg5 Kxa5 51. Kxh5 Kb5
0-1

[Event "Guernsey Holiday"]
[Site "?"]
[Date "2008.10.19"]
[Round "1"]
[White "Van Rooijen, Gerardus C"]
[Black "Le Maitre, Richard"]
[Result "1-0"]
[WhiteElo "1593"]
[BlackElo "1229"]
[PlyCount "63"]
[EventDate "2008.10.19"]

1. d4 Nf6 2. c4 g6 3. Nc3 Bg7 4. Bf4 d6 5. e4 O-O 6. Bd3 Nc6 7. Nf3 Bg4 8. Be2
Re8 9. h3 Bd7 10. a3 Nh5 11. Be3 e5 12. dxe5 Nxe5 13. Nxe5 Rxe5 14. Bd4 Re8 15.
Bxh5 Bxd4 16. Qxd4 gxh5 17. O-O Qe7 18. Nd5 Qe5 19. Qxe5 Rxe5 20. Nf6+ Kg7 21.
f4 Rc5 22. Nxd7 Rxc4 23. Rac1 Rxc1 24. Rxc1 c6 25. e5 Rd8 26. Nf6 dxe5 27. fxe5
Kg6 28. Rf1 Rd2 29. Rf2 Rxf2 30. Kxf2 Kf5 31. Nd7 Ke6 32. Nc5+ {Around this
point, there appears to have been either an illegal more or an unnoticed check
which makes the remaining moves untenable. But 1-0, 43.} 1-0

[Event "Guernsey Holiday"]
[Site "?"]
[Date "2008.10.19"]
[Round "1"]
[White "Carrick, Peter"]
[Black "Goman, Colin R"]
[Result "1/2-1/2"]
[WhiteElo "1272"]
[BlackElo "1590"]
[PlyCount "118"]
[EventDate "2008.10.19"]

1. d4 d6 2. e4 Nf6 3. Nc3 g6 4. Bg5 Bg7 5. Nf3 O-O 6. Qd2 c5 7. d5 a6 8. Be2 b5
9. Bxf6 exf6 10. Nd1 f5 11. exf5 Bxf5 12. O-O Re8 13. Bd3 Bxd3 14. cxd3 Nd7 15.
Rc1 Nf6 16. b3 Nxd5 17. Re1 Rxe1+ 18. Qxe1 Bh6 19. Rc2 Nb4 20. Re2 Nxd3 21. Qc3
Nf4 22. Re4 Bg7 23. Qe3 Nd5 24. Qe1 Nf6 25. Re2 Qf8 26. Kf1 Re8 27. Nc3 Rxe2
28. Qxe2 Qe8 29. Qxe8+ Nxe8 30. Nd5 a5 31. Ng5 Bf6 32. Ne4 Bd8 33. Ke2 f5 34.
Nec3 b4 35. Nb5 Kf7 36. Na7 Ke6 37. Nf4+ Kd7 38. Nb5 Kc6 39. a4 bxa3 40. Nxa3
Nf6 41. f3 Nd5 42. Nxd5 Kxd5 43. Kd3 Bf6 44. Nc4 Be5 45. h3 Ke6 46. Nxa5 Kf6
47. Nc4 Kg5 48. Ke2 Kh4 49. Ne3 Kg3 50. Kf1 Bd4 51. Nd5 g5 52. Ne7 Kf4 53. Nd5+
Ke5 54. Ne7 f4 55. Nc6+ Ke6 56. Ke2 Kd7 57. Nxd4 cxd4 58. Kd3 Kc6 59. Kxd4 Kb5
1/2-1/2

[Event "Guernsey Holiday"]
[Site "?"]
[Date "2008.10.19"]
[Round "1"]
[White "Bateman, Kerry D"]
[Black "Cox, Marian"]
[Result "1/2-1/2"]
[WhiteElo "1588"]
[BlackElo "1192"]
[PlyCount "85"]
[EventDate "2008.10.19"]

1. e4 e5 2. Nf3 Nc6 3. Bc4 Bc5 4. b4 Be7 5. d4 exd4 6. Nxd4 Ne5 7. Bb3 c6 8.
O-O Nf6 9. f4 Ng6 10. e5 Nd5 11. Bxd5 cxd5 12. Nf5 O-O 13. Qxd5 Bxb4 14. a3 Be7
15. c4 Qb6+ 16. Be3 Qe6 17. Qd3 b6 18. Nc3 Bc5 19. Bxc5 bxc5 20. Nd6 Ne7 21.
Nce4 f5 22. exf6 gxf6 23. Rf3 Nf5 24. Rh3 Nxd6 25. Nxd6 f5 26. Rh5 Ba6 27. Nxf5
Bxc4 28. Ne7+ Qxe7 29. Qxc4+ Rf7 30. Rxc5 Qe3+ 31. Kh1 Qxf4 32. Rc1 Qxc4 33.
R5xc4 Raf8 34. h3 a6 35. Ra4 Rf6 36. Rc7 Rd6 37. Ra7 Rff6 38. Rb4 Kf8 39. a4
Rf5 40. Rb8+ Ke7 41. Rh8 Rf7 42. Rha8 Rff6 43. Rh8 1/2-1/2

[Event "Guernsey Holiday"]
[Site "?"]
[Date "2008.10.19"]
[Round "1"]
[White "Bennett, DW.."]
[Black "Bakkes, Frits"]
[Result "0-1"]
[WhiteElo "1136"]
[BlackElo "1587"]
[PlyCount "116"]
[EventDate "2008.10.19"]

1. Nf3 d5 2. d4 Nf6 3. Bf4 Nc6 4. Nbd2 e6 5. g3 Bd6 6. Bg5 O-O 7. Bg2 e5 8.
dxe5 Nxe5 9. O-O c6 10. b3 h6 11. Bxf6 Qxf6 12. e4 Bg4 13. h3 Bxf3 14. Nxf3
dxe4 15. Nd4 Bb4 16. Qe2 c5 17. Nb5 Nf3+ 18. Kh1 a6 19. Nc7 Rad8 20. Rad1 Qc6
21. Bxf3 exf3 22. Qe5 c4 23. Nd5 Rfe8 24. Nxb4 Rxd1 25. Rxd1 Rxe5 26. Nxc6 bxc6
27. b4 Re2 28. Kg1 Rxc2 29. Rd6 Rxa2 30. Rxc6 Ra1+ 31. Kh2 Ra4 32. Rxc4 a5 33.
Rc8+ Kh7 34. b5 Rb4 35. Rb8 a4 36. b6 a3 37. b7 a2 38. Ra8 Rxb7 39. Rxa2 Rb3
40. g4 Kg6 41. Kg3 f6 42. Ra4 h5 43. gxh5+ Kxh5 44. Rh4+ Kg5 45. Rf4 Rc3 46.
h4+ Kh5 47. Rf5+ Kg6 48. Rxf3 Rxf3+ 49. Kxf3 Kf5 50. Kg3 Ke4 51. f3+ Ke3 52. f4
g6 53. Kg4 Ke4 54. Kg3 f5 55. h5 gxh5 56. Kh4 Kxf4 57. Kxh5 Kg3 58. Kg5 f4 0-1

[Event "Guernsey Holiday"]
[Site "?"]
[Date "2008.10.19"]
[Round "1"]
[White "O'Connell, Denis"]
[Black "Brown, Jim"]
[Result "1-0"]
[WhiteElo "1586"]
[BlackElo "1088"]
[PlyCount "83"]
[EventDate "2008.10.19"]

1. e4 d6 2. d4 c6 3. Nc3 Nd7 4. Nf3 e6 5. Bd3 e5 6. O-O Be7 7. Ne2 Ngf6 8. Ng3
O-O 9. h3 Re8 10. Be3 c5 11. c3 a6 12. Qc2 h6 13. Nf5 Bf8 14. Qd2 Nh7 15. g4 g5
16. Kg2 b5 17. Rh1 f6 18. h4 Nb6 19. hxg5 fxg5 20. Nxh6+ Bxh6 21. Rxh6 Ra7 22.
Bxg5 Nxg5 23. Qxg5+ Qxg5 24. Nxg5 Rg7 25. Rxd6 c4 26. Be2 Rxg5 27. Rxb6 Bxg4
28. Bxg4 Rxg4+ 29. Kf3 Rf4+ 30. Ke3 Rf7 31. Rg1+ Kf8 32. Rxa6 exd4+ 33. cxd4
Rh7 34. Rb6 Rh3+ 35. Rg3 Rh5 36. Rf3+ Kg7 37. Rb7+ Kg8 38. Rff7 Rh3+ 39. f3 Rh5
40. Rf6 Rh4 41. Rfb6 Rf8 42. Rxb5 1-0

[Event "Guernsey Holiday"]
[Site "?"]
[Date "2008.10.19"]
[Round "1"]
[White "Cox, Reginald E"]
[Black "Gibson, John"]
[Result "0-1"]
[WhiteElo "1088"]
[BlackElo "1584"]
[PlyCount "64"]
[EventDate "2008.10.19"]

1. e4 d6 2. d4 Nf6 3. Nc3 g6 4. Nf3 Bg7 5. Be2 O-O 6. O-O c6 7. h3 b5 8. b4 a5
9. bxa5 b4 10. Na4 Qxa5 11. Nb2 Nxe4 12. Nc4 Qc7 13. Bb2 Ba6 14. Ncd2 Bxe2 15.
Qxe2 Nxd2 16. Qxd2 c5 17. a3 Nc6 18. axb4 Nxb4 19. c3 Nc6 20. Rfe1 cxd4 21.
cxd4 Qb7 22. Reb1 Rxa1 23. Rxa1 Rb8 24. Rb1 e5 25. dxe5 Nxe5 26. Qxd6 Nxf3+ 27.
gxf3 Bxb2 28. Kg2 Qb6 29. Qd2 Qb4 30. Qe2 Rb6 31. Qe8+ Kg7 32. Qe5+ Bxe5 0-1

[Event "Guernsey Holiday"]
[Site "?"]
[Date "2008.10.19"]
[Round "1"]
[White "O'Connor, J.."]
[Black "Stoop, Michael"]
[Result "1-0"]
[WhiteElo "1580"]
[BlackElo "1080"]
[PlyCount "33"]
[EventDate "2008.10.19"]

1. e4 d5 2. exd5 Nf6 3. c4 e6 4. dxe6 Bxe6 5. Qb3 Qe7 6. Be2 c6 7. Nc3 b5 8. d3
Nbd7 9. Be3 Rb8 10. Qc2 bxc4 11. dxc4 Qb4 12. b3 Nc5 13. Bd2 g6 14. Nd5 Qb7 15.
Nxf6+ Ke7 16. Ne4 Bg7 17. Nxc5 1-0

[Event "Guernsey Holiday"]
[Site "?"]
[Date "2008.10.20"]
[Round "2"]
[White "Bakkes, Frits"]
[Black "Haisma, Henk J"]
[Result "0-1"]
[WhiteElo "1587"]
[BlackElo "1732"]
[PlyCount "104"]
[EventDate "2008.10.19"]

1. d4 d5 2. Nc3 Nf6 3. e4 dxe4 4. f3 exf3 5. Nxf3 Bg4 6. h3 Bh5 7. Bc4 e6 8. g4
Bg6 9. O-O c6 10. Bg5 Be7 11. Qe2 Qd6 12. Kg2 Nd5 13. Ne4 Bxe4 14. Qxe4 Nd7 15.
Bb3 N7f6 16. Bxf6 Nxf6 17. Qe3 O-O-O 18. c4 Kb8 19. Rad1 Qc7 20. d5 exd5 21.
cxd5 Nxd5 22. Bxd5 Rxd5 23. Rxd5 cxd5 24. Rc1 Qd6 25. Nd4 Qf6 26. Qg3+ Bd6 27.
Qd3 Qf4 28. Ne2 Qe4+ 29. Qxe4 dxe4 30. Rc4 Re8 31. Nc3 e3 32. Ne4 Bc7 33. Kf3
g6 34. Ke2 Bb6 35. Nf6 Rd8 36. Rc2 h6 37. Ne4 f5 38. gxf5 gxf5 39. Ng3 f4 40.
Nf5 Rf8 41. Nh4 Rg8 42. Kf3 Bc7 43. Nf5 Rd8 44. Ke2 Rd5 45. Ne7 Rd7 46. Nf5 Rf7
47. Nxh6 Rh7 48. Ng4 Rxh3 49. Rc4 Rg3 50. Nf6 Rg2+ 51. Kd3 Rd2+ 52. Ke4 e2 0-1

[Event "Guernsey Holiday"]
[Site "?"]
[Date "2008.10.20"]
[Round "2"]
[White "Norman, Dinah M"]
[Black "O'Connell, Denis"]
[Result "1/2-1/2"]
[WhiteElo "1656"]
[BlackElo "1586"]
[PlyCount "112"]
[EventDate "2008.10.19"]

1. d4 e5 2. dxe5 d6 3. Nf3 Bg4 4. Nbd2 Nc6 5. exd6 Bxd6 6. c3 Qe7 7. Qa4 Nf6 8.
Nd4 Bd7 9. Nxc6 Bxc6 10. Qc2 O-O-O 11. Nc4 Bc5 12. Be3 Bxe3 13. Nxe3 g6 14. Rd1
Be4 15. Qa4 Rxd1+ 16. Nxd1 a6 17. e3 Rd8 18. Be2 Bxg2 19. Rg1 Bc6 20. Qb4 Qe5
21. f4 Qd5 22. c4 Qe4 23. Qc3 Rd6 24. b3 Qb1 25. h4 Be4 26. c5 Rc6 27. h5 Kb8
28. hxg6 fxg6 29. Rg5 Bf5 30. Qd4 Qxa2 31. Bf3 Re6 32. Qd8+ Ka7 33. Qxc7 Qxb3
34. c6 Rxe3+ 35. Nxe3 Qxe3+ 36. Be2 Qc1+ 37. Bd1 Qc3+ 38. Kf1 Bd3+ 39. Be2 Qc1+
40. Kg2 Be4+ 41. Bf3 Bxf3+ 42. Kxf3 Qxc6+ 43. Qxc6 bxc6 44. f5 gxf5 45. Rxf5
Nd5 46. Rf7+ Kb6 47. Rxh7 Kb5 48. Rh5 Kc4 49. Rh6 Kc5 50. Ke4 a5 51. Kd3 Kb5
52. Kc2 c5 53. Rh5 Nb4+ 54. Kb2 Nd3+ 55. Ka3 a4 56. Rg5 Ka5 1/2-1/2

[Event "Guernsey Holiday"]
[Site "?"]
[Date "2008.10.20"]
[Round "2"]
[White "Gibson, John"]
[Black "Kershaw, Graham J"]
[Result "1-0"]
[WhiteElo "1584"]
[BlackElo "1648"]
[PlyCount "51"]
[EventDate "2008.10.19"]

1. d4 e6 2. Nf3 d5 3. Bf4 Nf6 4. e3 c5 5. c3 Bd6 6. dxc5 Bxf4 7. Qa4+ Nbd7 8.
exf4 O-O 9. Qd4 Qc7 10. b4 a5 11. Ne5 Nxe5 12. fxe5 Nd7 13. f4 f6 14. exf6 Rxf6
15. g3 axb4 16. cxb4 b6 17. cxb6 Qc1+ 18. Kf2 Nxb6 19. Bg2 Qc6 20. Nd2 e5 21.
Qxe5 Bb7 22. Rhc1 Qb5 23. Ne4 Rff8 24. Rc7 Nd7 25. Qe6+ Rf7 26. Qxf7+ 1-0

[Event "Guernsey Holiday"]
[Site "?"]
[Date "2008.10.20"]
[Round "2"]
[White "Newell, David F"]
[Black "O'Connor, J.."]
[Result "1-0"]
[WhiteElo "1632"]
[BlackElo "1580"]
[PlyCount "71"]
[EventDate "2008.10.19"]

1. d4 Nf6 2. e3 g6 3. Nf3 Bg7 4. Be2 O-O 5. O-O d6 6. c4 c5 7. Nc3 a6 8. d5 e6
9. e4 exd5 10. exd5 Bf5 11. Bd3 Qd7 12. Bf4 Bxd3 13. Qxd3 b5 14. cxb5 axb5 15.
Qxb5 Qxb5 16. Nxb5 Nxd5 17. Bxd6 Rc8 18. Be5 Nc6 19. Bxg7 Kxg7 20. Rfd1 Nf4 21.
g3 Ne6 22. Kg2 Rcb8 23. a4 Nb4 24. b3 Nc2 25. Rac1 Ned4 26. Nfxd4 Nxd4 27. Nxd4
cxd4 28. Rd3 Rb4 29. Rc7 Rab8 30. Rf3 Rxb3 31. Rfxf7+ Kh6 32. Rxh7+ Kg5 33.
Rcf7 Rxg3+ 34. hxg3 Rb2 35. Kh3 Rb1 36. f4# 1-0

[Event "Guernsey Holiday"]
[Site "?"]
[Date "2008.10.20"]
[Round "2"]
[White "Timmerman, Peter"]
[Black "Randall, David Charles"]
[Result "0-1"]
[WhiteElo "1598"]
[BlackElo "1576"]
[PlyCount "86"]
[EventDate "2008.10.19"]

1. e4 c5 2. Nf3 Nc6 3. c3 d5 4. e5 e6 5. d4 cxd4 6. cxd4 Nge7 7. Bg5 Qb6 8.
Bxe7 Bxe7 9. Qd2 O-O 10. Be2 Bd7 11. O-O Rac8 12. Nc3 Na5 13. Rac1 Nc4 14. Bxc4
Rxc4 15. a3 Rfc8 16. Ne2 Bb5 17. Rxc4 Rxc4 18. Rc1 Rxc1+ 19. Nxc1 Qc6 20. Nb3
Qc4 21. Qd1 Ba4 22. Nfd2 Qxd4 23. Nxd4 Bxd1 24. Kf1 Bc5 25. N2b3 Bxb3 26. Nxb3
Bb6 27. Ke2 Kf8 28. f4 Ke7 29. Kd3 Kd7 30. Nd4 Bxd4 31. Kxd4 Kc6 32. g4 Kb5 33.
b3 Kc6 34. f5 g6 35. fxg6 fxg6 36. g5 Kb5 37. Kc3 a5 38. Kd4 Kc6 39. Kd3 Kc5
40. Ke3 b5 41. Kd3 d4 42. a4 bxa4 43. bxa4 Kd5 0-1

[Event "Guernsey Holiday"]
[Site "?"]
[Date "2008.10.20"]
[Round "2"]
[White "Beadle, JR.."]
[Black "Van Rooijen, Gerardus C"]
[Result "1-0"]
[WhiteElo "1352"]
[BlackElo "1593"]
[PlyCount "47"]
[EventDate "2008.10.19"]

1. e4 c5 2. Nf3 d6 3. d4 cxd4 4. Nxd4 Nc6 5. c4 e6 6. Nc3 a6 7. Be3 Nf6 8. Be2
Be7 9. O-O O-O 10. f4 Bd7 11. Qe1 Qc7 12. Qg3 Nxd4 13. Bxd4 Bc6 14. e5 Ne8 15.
Bd3 g6 16. Qh3 Ng7 17. Qh6 f5 18. exd6 Bxd6 19. c5 e5 20. cxd6 Qxd6 21. Bxe5
Qd7 22. Rad1 Rf7 23. Bc4 Qe7 24. Qxg7# 1-0

[Event "Guernsey Holiday"]
[Site "?"]
[Date "2008.10.20"]
[Round "2"]
[White "Wood, PC.."]
[Black "Dokter, Marike"]
[Result "1-0"]
[WhiteElo "1664"]
[BlackElo "1539"]
[PlyCount "53"]
[EventDate "2008.10.19"]

1. d4 g6 2. c4 Bg7 3. Nc3 Nf6 4. Bg5 h6 5. Bh4 d6 6. Nf3 O-O 7. e3 c5 8. Be2
cxd4 9. exd4 Nbd7 10. O-O b6 11. Rc1 Bb7 12. Qd3 Rc8 13. Rfd1 d5 14. cxd5 Nxd5
15. Nxd5 Bxd5 16. Rxc8 Qxc8 17. Bxe7 Re8 18. Ba3 Nf6 19. b3 Qe6 20. Bf1 Be4 21.
Qc4 Qd7 22. Rc1 Nd5 23. Ne5 Bxe5 24. dxe5 Rxe5 25. Qc8+ Qxc8 26. Rxc8+ Kh7 27.
Bb2 1-0

[Event "Guernsey Holiday"]
[Site "?"]
[Date "2008.10.20"]
[Round "2"]
[White "Collins, Alan"]
[Black "Hoogakker, Peter"]
[Result "1/2-1/2"]
[WhiteElo "1464"]
[BlackElo "1736"]
[PlyCount "47"]
[EventDate "2008.10.19"]

1. d4 d5 2. c4 e6 3. Nc3 Nf6 4. Bg5 Nbd7 5. cxd5 exd5 6. e3 c6 7. Bd3 Be7 8.
Nge2 O-O 9. O-O Re8 10. Qc2 h6 11. Bh4 Nf8 12. f3 Bd6 13. e4 Be7 14. e5 N6d7
15. Bxe7 Qxe7 16. f4 Nb6 17. f5 Qg5 18. Rf3 Nc4 19. Bxc4 dxc4 20. Ne4 Qd8 21.
Nd6 Re7 22. Qxc4 Qb6 23. Rb3 Qc7 24. Nxc8 1/2-1/2

[Event "Guernsey Holiday"]
[Site "?"]
[Date "2008.10.20"]
[Round "2"]
[White "Brooker, CH.."]
[Black "Foster, P.."]
[Result "0-1"]
[WhiteElo "1670"]
[BlackElo "1488"]
[PlyCount "82"]
[EventDate "2008.10.19"]

1. Nf3 Nf6 2. e3 d5 3. b3 Bf5 4. Bb2 Nbd7 5. Be2 e6 6. d3 Bd6 7. Nh4 Bg6 8. Nd2
c6 9. f4 O-O 10. Nxg6 fxg6 11. O-O Qe7 12. a4 e5 13. Kh1 exf4 14. exf4 Rae8 15.
Bg4 Nxg4 16. Qxg4 Nf6 17. Qf3 Qe2 18. Rf2 Qxf3 19. Rxf3 Re2 20. Rd1 Ng4 21. Bd4
Bxf4 22. h3 Bxd2 23. Rxf8+ Kxf8 24. hxg4 Be3 25. Rf1+ Kg8 26. Bxe3 Rxe3 27. Kh2
Re2 28. Rc1 Kf7 29. Kg3 d4 30. Rf1+ Ke7 31. Rf2 Rxf2 32. Kxf2 a5 33. Kf3 Ke6
34. Ke4 c5 35. g5 h5 36. g3 Kd6 37. Kf4 Kd5 38. Kf3 Ke5 39. g4 h4 40. Kg2 Kf4
41. Kh3 Kxg5 0-1

[Event "Guernsey Holiday"]
[Site "?"]
[Date "2008.10.20"]
[Round "2"]
[White "Herschmann, Heinz"]
[Black "Jongerius, Marc"]
[Result "0-1"]
[WhiteElo "1320"]
[BlackElo "1658"]
[PlyCount "80"]
[EventDate "2008.10.19"]

1. e4 e5 2. Nf3 Nc6 3. d4 exd4 4. Nxd4 Bc5 5. Nxc6 Qf6 6. Qf3 dxc6 7. Qxf6 Nxf6
8. f3 Be6 9. Nc3 O-O-O 10. Bd3 h6 11. Bd2 Nd7 12. O-O-O Ne5 13. Be2 Nc4 14. a3
Nxd2 15. Rxd2 Be3 16. Rhd1 Rxd2 17. Rxd2 Rd8 18. Bd3 c5 19. Nb1 c4 20. Bf1 b5
21. Kd1 Bxd2 22. Nxd2 a6 23. c3 g5 24. Kc2 f5 25. g3 fxe4 26. fxe4 Rf8 27. h3
h5 28. Kd1 g4 29. h4 Bd7 30. Ke2 c5 31. Ke3 Bc6 32. Be2 Kd7 33. Bf1 Ke6 34. Bg2
Ke5 35. Bh1 Rd8 36. Nf1 Rd3+ 37. Ke2 Bxe4 38. Bxe4 Kxe4 39. Nd2+ Rxd2+ 40. Kxd2
Kf3 0-1

[Event "Guernsey Holiday"]
[Site "?"]
[Date "2008.10.20"]
[Round "2"]
[White "Cox, Marian"]
[Black "Finch, J Russell"]
[Result "1/2-1/2"]
[WhiteElo "1192"]
[BlackElo "1603"]
[PlyCount "51"]
[EventDate "2008.10.19"]

1. e4 c5 2. Nf3 d6 3. Bc4 e6 4. O-O Nc6 5. Nc3 a6 6. a3 Qc7 7. d3 Nf6 8. Re1
Be7 9. Bf4 O-O 10. Qd2 b5 11. Ba2 Bb7 12. Ne2 Rfd8 13. c3 Nh5 14. Bg5 Bxg5 15.
Qxg5 Nf6 16. Nf4 h6 17. Qg3 Qe7 18. b4 cxb4 19. axb4 Ne5 20. Rad1 Rac8 21. Rc1
Nxf3+ 22. Qxf3 e5 23. Nd5 Nxd5 24. Bxd5 Bxd5 25. exd5 Qf6 26. Qe3 1/2-1/2

[Event "Guernsey Holiday"]
[Site "?"]
[Date "2008.10.20"]
[Round "2"]
[White "Foran, Barry"]
[Black "Bateman, Kerry D"]
[Result "1-0"]
[WhiteElo "1310"]
[BlackElo "1588"]
[PlyCount "65"]
[EventDate "2008.10.19"]

1. d4 Nf6 2. Nf3 c5 3. d5 e6 4. Nc3 g6 5. e4 d6 6. Bg5 Be7 7. Bd3 O-O 8. O-O a6
9. a4 exd5 10. Bh6 Re8 11. exd5 Ng4 12. Bf4 Bf8 13. h3 Nh6 14. Qd2 Nf5 15. Bg5
Be7 16. Bxe7 Nxe7 17. Qh6 Nd7 18. Rfe1 Nf6 19. Qg5 Kg7 20. Re2 h6 21. Qd2 Bd7
22. Bc4 Qc7 23. Nh2 Nf5 24. Nf3 Rxe2 25. Bxe2 Re8 26. Bc4 Qc8 27. g4 Ne4 28.
Nxe4 Rxe4 29. Bd3 Nd4 30. Bxe4 f5 31. Nxd4 cxd4 32. Qxd4+ Kh7 33. gxf5 1-0

[Event "Guernsey Holiday"]
[Site "?"]
[Date "2008.10.20"]
[Round "2"]
[White "Nalichowski, Bogdan"]
[Black "Le Messurier, R.."]
[Result "1/2-1/2"]
[WhiteElo "1537"]
[BlackElo "1210"]
[PlyCount "67"]
[EventDate "2008.10.19"]

1. e4 e5 2. f4 Nf6 3. Bc4 d5 4. exd5 exf4 5. Nc3 Bd6 6. Nf3 c6 7. dxc6 Nxc6 8.
O-O h6 9. a3 Ne5 10. Nxe5 Bxe5 11. d4 Qxd4+ 12. Qxd4 Bxd4+ 13. Kh1 Bxc3 14.
bxc3 O-O 15. Bxf4 Be6 16. Bb3 Rac8 17. Rf3 g5 18. Be3 Rxc3 19. Bxa7 Rxf3 20.
gxf3 Rd8 21. Re1 Bd5 22. Kg2 Bxb3 23. cxb3 Rd3 24. Rb1 b5 25. a4 bxa4 26. bxa4
Ra3 27. Rb4 Ra2+ 28. Kh1 Nd5 29. Rd4 Nf4 30. h4 Kg7 31. Bb6 Kg6 32. a5 Ra1+ 33.
Kh2 Ra2+ 34. Kh1 1/2-1/2

[Event "Guernsey Holiday"]
[Site "?"]
[Date "2008.10.20"]
[Round "2"]
[White "Van Hoek, Wim J"]
[Black "Spicer, J.."]
[Result "1-0"]
[WhiteElo "1751"]
[BlackElo "1288"]
[PlyCount "51"]
[EventDate "2008.10.19"]

1. e4 e5 2. Nf3 d5 3. exd5 Bd6 4. Nc3 Nf6 5. Be2 e4 6. Nd4 Be5 7. Bb5+ Bd7 8.
Bxd7+ Qxd7 9. Nde2 Qg4 10. Ng3 Bxg3 11. hxg3 Qxd1+ 12. Kxd1 O-O 13. Re1 Nbd7
14. Nxe4 Nxd5 15. d3 Rae8 16. Bd2 Re6 17. Nc3 Nxc3+ 18. Bxc3 Rxe1+ 19. Kxe1
Re8+ 20. Kd2 Re6 21. Re1 Rxe1 22. Kxe1 f6 23. Ke2 Kf7 24. g4 c5 25. b3 Kg6 26.
f4 1-0

[Event "Guernsey Holiday"]
[Site "?"]
[Date "2008.10.20"]
[Round "2"]
[White "Viviani, Mario"]
[Black "Bennett, DW.."]
[Result "1-0"]
[WhiteElo "1733"]
[BlackElo "1136"]
[PlyCount "69"]
[EventDate "2008.10.19"]

1. c4 Nf6 2. Nc3 d6 3. g3 Nbd7 4. Bg2 c6 5. Nf3 e5 6. O-O Be7 7. d3 O-O 8. Rb1
Rb8 9. b4 b5 10. cxb5 cxb5 11. Ng5 d5 12. Qc2 Qc7 13. Qb3 h6 14. Nh3 d4 15. Ne4
Bb7 16. f4 Bd5 17. Nxf6+ Nxf6 18. Bxd5 Qc3 19. fxe5 Qxb3 20. Bxb3 Ng4 21. e6 f6
22. Nf4 Rfe8 23. h3 Ne5 24. a3 Rb6 25. Bb2 Rd6 26. Rbc1 Kh7 27. Rc7 a6 28. Nh5
Ng6 29. Rxf6 Ne5 30. Rf4 Kh8 31. Bxd4 Ng6 32. Bxg7+ Kh7 33. Rf7 Kg8 34. Rcxe7
Nxe7 35. Nf6# 1-0

[Event "Guernsey Holiday"]
[Site "?"]
[Date "2008.10.20"]
[Round "2"]
[White "Harnden, Terry W"]
[Black "Onwezen, Eric"]
[Result "1/2-1/2"]
[WhiteElo "1327"]
[BlackElo "1621"]
[PlyCount "48"]
[EventDate "2008.10.19"]

1. e4 e5 2. Nf3 Nc6 3. Bb5 a6 4. Ba4 Nf6 5. d3 b5 6. Bb3 Be7 7. c3 d6 8. h3 O-O
9. O-O Bd7 10. Be3 Qc8 11. Nh2 Be6 12. Bc2 d5 13. Qf3 dxe4 14. dxe4 Rd8 15. Rd1
Qb7 16. Nd2 Na5 17. b3 Qc6 18. Bg5 Rd7 19. Bxf6 Bxf6 20. b4 Nc4 21. Nxc4 Rxd1+
22. Rxd1 Bxc4 23. Bb3 Bxb3 24. axb3 Qe6 1/2-1/2

[Event "Guernsey Holiday"]
[Site "?"]
[Date "2008.10.20"]
[Round "2"]
[White "Kirk, M.."]
[Black "Cox, Reginald E"]
[Result "1-0"]
[WhiteElo "1494"]
[BlackElo "1088"]
[PlyCount "71"]
[EventDate "2008.10.19"]

1. d4 d5 2. c4 c6 3. Nc3 e6 4. Nf3 Nf6 5. Bf4 Nbd7 6. e3 Bb4 7. a3 Bxc3+ 8.
bxc3 Qa5 9. Qb3 Ne4 10. Qb4 Qxb4 11. cxb4 O-O 12. Bd3 Nef6 13. O-O dxc4 14.
Bxc4 Nb6 15. Bb3 Nbd5 16. Bd6 Re8 17. Rac1 Ne4 18. Bxd5 Nxd6 19. Bb3 Bd7 20.
Rfe1 Rac8 21. e4 b5 22. e5 Nf5 23. Bc2 h6 24. g4 Ne7 25. Nd2 Nd5 26. Ne4 Rb8
27. Nd6 Rf8 28. Be4 f5 29. gxf5 exf5 30. Bxd5+ cxd5 31. Rc7 Be6 32. Rec1 g6 33.
Rxa7 f4 34. Rcc7 g5 35. Rg7+ Kh8 36. Rh7+ 1-0

[Event "Guernsey Holiday"]
[Site "?"]
[Date "2008.10.20"]
[Round "2"]
[White "Le Maitre, Richard"]
[Black "Grange, DA.."]
[Result "0-1"]
[WhiteElo "1229"]
[BlackElo "1400"]
[PlyCount "66"]
[EventDate "2008.10.19"]

1. Nf3 d5 2. g3 c6 3. Bg2 Nf6 4. d3 e6 5. O-O Be7 6. b3 O-O 7. Bb2 Nbd7 8. Nbd2
a6 9. Rc1 c5 10. c4 Rb8 11. cxd5 exd5 12. Ne5 d4 13. Nec4 b5 14. Na3 Bb7 15.
Bxb7 Rxb7 16. Nf3 Nd5 17. Nc2 h5 18. h4 g5 19. hxg5 Bxg5 20. Nxg5 Qxg5 21. Kh2
Rb6 22. Rg1 Rh6 23. f4 Qf5 24. Qf1 N7f6 25. Qf3 Ng4+ 26. Kg2 Re8 27. Nxd4 Nde3+
28. Kh1 cxd4 29. Bxd4 h4 30. Bxe3 Rxe3 31. Qa8+ Kg7 32. Rc8 hxg3+ 33. Kg2 Rh2+
0-1

[Event "Guernsey Holiday"]
[Site "?"]
[Date "2008.10.20"]
[Round "2"]
[White "Brown, Jim"]
[Black "Newrick, William R"]
[Result "0-1"]
[WhiteElo "1088"]
[BlackElo "1347"]
[PlyCount "106"]
[EventDate "2008.10.19"]

1. Nf3 d5 2. d4 Nf6 3. e3 e6 4. Be2 c5 5. c3 Bd6 6. O-O O-O 7. Nbd2 Nc6 8. b3
cxd4 9. cxd4 e5 10. Bb2 e4 11. Ne5 Qe7 12. Nxc6 bxc6 13. Rc1 Bd7 14. Re1 Rab8
15. f4 exf3 16. Bxf3 Ne4 17. Nxe4 dxe4 18. Bg4 f5 19. Bh3 Qh4 20. Re2 g5 21.
Qe1 Qxe1+ 22. Rcxe1 g4 23. Bxg4 fxg4 24. g3 Rf3 25. Rd1 Be6 26. Rc1 Bd5 27. Rd1
Re8 28. Rc1 Re6 29. Bc3 Rh6 30. Be1 Rhf6 31. Kg2 h5 32. Rb1 Rh6 33. Bf2 Be7 34.
Rd1 h4 35. Rde1 h3+ 36. Kg1 Rhf6 37. Rc2 Rf8 38. Rcc1 Rc8 39. Rc2 Bd6 40. Rcc1
Rc7 41. Rcd1 Kf7 42. Rc1 Ke6 43. Rc2 Bb4 44. Rec1 Ba3 45. Rd1 c5 46. dxc5 Rxc5
47. Rxc5 Bxc5 48. Re1 Kd6 49. Re2 a5 50. Kf1 Kc6 51. Rc2 Kb6 52. Ke1 Bc6 53.
Rc3 Bb4 0-1

[Event "Guernsey Holiday"]
[Site "?"]
[Date "2008.10.21"]
[Round "3"]
[White "Haisma, Henk J"]
[Black "Gibson, John"]
[Result "1-0"]
[WhiteElo "1732"]
[BlackElo "1584"]
[PlyCount "111"]
[EventDate "2008.10.19"]

1. b4 e6 2. Bb2 Nf6 3. a3 d5 4. e3 Nbd7 5. Nf3 a5 6. c3 c6 7. d3 Bd6 8. Nbd2
O-O 9. Nb3 a4 10. Nbd2 Qe7 11. c4 b6 12. Qc2 Bb7 13. d4 c5 14. bxc5 bxc5 15.
cxd5 exd5 16. Be2 Rfc8 17. Qd1 c4 18. Nb1 Ne4 19. Qc2 Bc7 20. Nc3 Ba5 21. O-O
Nxc3 22. Bxc3 Bxc3 23. Qxc3 Rcb8 24. Rfb1 Nf6 25. Nd2 Bc6 26. Bf3 Ne4 27. Bxe4
dxe4 28. Qxc4 Qd7 29. Rxb8+ Rxb8 30. Rb1 Rxb1+ 31. Nxb1 Bd5 32. Qb4 f5 33. g3
g5 34. Nc3 Bc6 35. Qc4+ Kg7 36. d5 Bb7 37. Nxa4 Qd6 38. Qc5 Qxc5 39. Nxc5 Bxd5
40. Kf1 Kf7 41. Ke1 Ke7 42. Kd2 Kd6 43. Na6 Bc4 44. Nb4 Kc5 45. Kc3 h5 46. a4
Be2 47. a5 Bf1 48. a6 Kb6 49. Kd4 Bh3 50. Ke5 Ka7 51. Kf6 h4 52. Kxg5 hxg3 53.
fxg3 Bg4 54. Kh4 Bf3 55. Kg5 Bg4 56. h4 1-0